Deutsche Städte mit Straßenbahn - Statistiken

Allgemein
  • Dieses Quiz wurde 328 mal gespielt
  • Das Durchschnittsergebnis liegt bei 6 aus 15
Answers on the Grid
Answers color-coded by a green-red scale on the quiz's grid according to % correct below.
Mainz
Chemnitz
Aachen
Münster
Kiel
Lübeck
Rostock
Halle (Saale)
Kassel
Bremerhaven
Nürnberg
Regensburg
Freiburg
Cottbus
Wiesbaden
Wuppertal
Gotha
Osnabrück
Schwerin
Dessau-Roßlau
Bremen
Dresden
Trier
Mönchengladbach
Jena
Siegen
Oberhausen
Wolfsburg
Leverkusen
Ingolstadt
 
Antwortstatistiken
Antwort % Korrekt
Mainz
64%
Dresden
56%
Nürnberg
51%
Chemnitz
49%
Bremen
48%
Freiburg
45%
Rostock
44%
Kassel
39%
Halle (Saale)
37%
Jena
35%
Cottbus
32%
Gotha
29%
Schwerin
29%
Dessau-Roßlau
25%
Oberhausen
23%
Keine übereinstimmenden Quizze gefunden
Verteilung der Resultate
Anzahl Personen mit jedem Resultat
Perzentil nach korrekt beantworteten Fragen
Ihre Resultats-Entwicklung
Sie haben dieses Quiz noch nicht gespielt